Математика 3.2 (18.03.01, 20.03.01, 21.03.01, 21.05.02) / ДО 2017: электронный курс

Bibliografske podrobnosti
Glavni avtor: Беляускене Е. А. Евгения Александровна
Korporativna značnica: Национальный исследовательский Томский политехнический университет Школа базовой инженерной подготовки Отделение математики и информатики
Izvleček:Заглавие с экрана
В курсе «Математика 3.2» раскрываются основные понятия теории вероятностей и элементы математической статистики. Особое внимание уделяется основным положениям и методам современной математической теории вероятностей, приложениям теории - в физике, экологии, экономике и статистике. Знания, полученные в курсе, помогут приобрести навыки в интерпретации теоретико-вероятностных конструкций внутри математики и за ее пределами в приложениях, решении проблемных теоретико-вероятностных задач. Целью изучения курса «Математика 3.2» является формирование знаний студентов в области основ математических и естественнонаучных дисциплин, формирование знаний о математике как особом способе познания мира и образе мышления, общности её понятий и представлений, приобретение опыта построения математических моделей и проведения необходимых расчётов в рамках построенных моделей; употребления математической символики для выражения количественных и качественных отношений объектов.
Доступ по логину и паролю
Jezik:ruščina
Izdano: Томск, TPU Moodle, 2019
Teme:
Online dostop:https://design.lms.tpu.ru/course/view.php?id=2935
Format: MixedMaterials Elektronski Knjiga
KOHA link:https://koha.lib.tpu.ru/cgi-bin/koha/opac-detail.pl?biblionumber=667550

MARC

LEADER 00000nlm0a2200000 4500
001 667550
005 20240109132324.0
035 |a (RuTPU)RU\TPU\network\38755 
035 |a RU\TPU\network\37390 
090 |a 667550 
100 |a 20220331d2019 m y0rusy50 ca 
101 0 |a rus 
102 |a RU 
105 |a a j 000zy 
135 |a jrcn ---uucaa 
181 0 |a i  
182 0 |a b 
200 1 |a Математика 3.2 (18.03.01, 20.03.01, 21.03.01, 21.05.02) / ДО 2017  |e электронный курс  |f Е. А. Беляускене  |g Национальный исследовательский Томский политехнический университет, Школа базовой инженерной подготовки, Отделение математики и информатики 
203 |a Текст  |c электронный 
210 |a Томск  |c TPU Moodle  |d 2019 
300 |a Заглавие с экрана 
330 |a В курсе «Математика 3.2» раскрываются основные понятия теории вероятностей и элементы математической статистики. Особое внимание уделяется основным положениям и методам современной математической теории вероятностей, приложениям теории - в физике, экологии, экономике и статистике. Знания, полученные в курсе, помогут приобрести навыки в интерпретации теоретико-вероятностных конструкций внутри математики и за ее пределами в приложениях, решении проблемных теоретико-вероятностных задач. Целью изучения курса «Математика 3.2» является формирование знаний студентов в области основ математических и естественнонаучных дисциплин, формирование знаний о математике как особом способе познания мира и образе мышления, общности её понятий и представлений, приобретение опыта построения математических моделей и проведения необходимых расчётов в рамках построенных моделей; употребления математической символики для выражения количественных и качественных отношений объектов. 
333 |a Доступ по логину и паролю 
606 1 |a Математика  |2 stltpush  |3 (RuTPU)RU\TPU\subj\67327  |9 83171 
610 1 |a электронный ресурс 
610 1 |a труды учёных ТПУ 
610 1 |a электронные учебные пособия 
610 1 |a учебные пособия 
610 1 |a Moodle 
610 1 |a e-learning 
610 1 |a случайные события 
610 1 |a вероятности 
610 1 |a случайные величины 
610 1 |a математическая статистика 
675 |a 51(075.8)  |v 4 
700 1 |a Беляускене  |b Е. А.  |c математик  |c старший преподаватель Томского политехнического университета  |f 1968-  |g Евгения Александровна  |3 (RuTPU)RU\TPU\pers\43142  |9 21627 
712 0 2 |a Национальный исследовательский Томский политехнический университет  |b Школа базовой инженерной подготовки  |b Отделение математики и информатики  |3 (RuTPU)RU\TPU\col\23555 
801 2 |a RU  |b 63413507  |c 20221227  |g RCR 
856 4 |u https://design.lms.tpu.ru/course/view.php?id=2935 
942 |c CF